Atti di adorazione : racconti /

Uloženo v:
Podrobná bibliografie
Hlavní autor: Mishima, Yukio (Autor)
Další autoři: Bona, Gaspare (Překladatel)
Médium: Kniha
Jazyk:italština
Vydáno: Novara : Istituto geografico De Agostini, 1991
Tagy: Přidat tag
Žádné tagy, Buďte první, kdo vytvoří štítek k tomuto záznamu!

MARC

LEADER 00000nam a22000007i 4500
001 IT\ICCU\RAV\0134827
003 ItRI
005 20260115231908.0
008 910321s1991 it |||||| ||||| |||||c
015 |2 IT  |a 923569 
020 |a 8840290893 
040 |b ita  |c importazione bologna sebina 
041 7 |a ita  |2 ISO-639-2 
082 |a 895.6  |9 LETTERATURA GIAPPONESE  |2 11 
100 1 |a Mishima, Yukio  |0 IT\ICCU\CFIV\002484  |4 aut 
240 1 0 |a Acts of Worship. -  |3 IT\ICCU\RAV\0135246  |9 Mishima, Yukio 
245 1 0 |a Atti di adorazione :  |b racconti /  |c Yukio Mishima. 
260 |a Novara :  |b Istituto geografico De Agostini,  |c 1991 
300 |a 221 p. ;  |c 23 cm 
500 |a Traduzione di Gaspare Bona. 
700 1 |a Bona, Gaspare  |0 IT\ICCU\CFIV\008220  |4 trl 
790 1 |a Hiraoka, Kimitake  |3 IT\ICCU\CFIV\226673  |z Mishima, Yukio 
942 |2 ddc  |c BK  |n 0 
952 |0 0  |1 0  |4 0  |6 DOC_895_635000000000000_MIS  |7 0  |9 15702  |a BO  |b BO  |d 2026-01-15  |i 7299  |l 0  |o DOC 895.635 MIS  |p BO7299  |r 2026-01-15 23:19:08  |w 2026-01-15  |x [Sebina 5] [1 v.]  |y BK  |z 1 v. 
999 |c 13508  |d 13508